Diversifying the farm business (Record no. 87622)

MARC details
000 -LEADER
fixed length control field 00693cam a2200289 4500
008 - FIXED-LENGTH DATA ELEMENTS--GENERAL INFORMATION
fixed length control field 090401t1987 xxu||||| |||| 00| 0 eng d
020 ## - INTERNATIONAL STANDARD BOOK NUMBER
International Standard Book Number 0632018224
035 ## - SYSTEM CONTROL NUMBER
System control number (Sirsi) u18780
041 ## - LANGUAGE CODE
Language code of text/sound track or separate title eng
050 ## - LIBRARY OF CONGRESS CALL NUMBER
Classification number 630
100 ## - MAIN ENTRY--PERSONAL NAME
Personal name Haines, Michael
245 ## - TITLE STATEMENT
Title Diversifying the farm business
260 ## - PUBLICATION, DISTRIBUTION, ETC.
Place of publication, distribution, etc. Oxford
Name of publisher, distributor, etc. BSP Professional Books
Date of publication, distribution, etc. 1987
300 ## - PHYSICAL DESCRIPTION
Extent 304p. : ill. ; 24cm.
350 ## - PRICE (NR) (BK AM CF MU VM SE) [OBSOLETE]
Price 12.95
650 ## - SUBJECT ADDED ENTRY--TOPICAL TERM
Topical term or geographic name entry element ALTERNATIVE ENTERPRISES
650 ## - SUBJECT ADDED ENTRY--TOPICAL TERM
Topical term or geographic name entry element DAIRY PRODUCTS
650 ## - SUBJECT ADDED ENTRY--TOPICAL TERM
Topical term or geographic name entry element DEER
650 ## - SUBJECT ADDED ENTRY--TOPICAL TERM
Topical term or geographic name entry element FARM SHOPS
650 ## - SUBJECT ADDED ENTRY--TOPICAL TERM
Topical term or geographic name entry element FARM WOODLANDS
650 ## - SUBJECT ADDED ENTRY--TOPICAL TERM
Topical term or geographic name entry element FARMING
650 ## - SUBJECT ADDED ENTRY--TOPICAL TERM
Topical term or geographic name entry element LEISURE
650 ## - SUBJECT ADDED ENTRY--TOPICAL TERM
Topical term or geographic name entry element TOURISM
700 ## - ADDED ENTRY--PERSONAL NAME
Personal name Davies, Ruth
942 ## - ADDED ENTRY ELEMENTS (KOHA)
Suppress in OPAC 0
948 ## - LOCAL PROCESSING INFORMATION (OCLC); SERIES PART DESIGNATOR (RLIN)
c (OCLC) 04/03/1997
Holdings
Withdrawn status Lost status Source of classification or shelving scheme Damaged status Not for loan Home library Current library Shelving location Date acquired Cost, normal purchase price Total Checkouts Full call number Barcode Date last seen Copy number Cost, replacement price Price effective from Koha item type Date last checked out
    Dewey Decimal Classification     London London Books 14/09/1999 12.95   630 30018889 06/08/2019 1 12.95 06/08/2019 Book  
    Dewey Decimal Classification     London London Books 14/09/1999 12.95 1 630 30018893 06/08/2019 2 12.95 06/08/2019 Book 04/10/2001